000 00627nam a22002177a 4500
003 UA-OsUOA
001 130107
007 ta
008 20180411b un ||||| |||| 00| 0 ukr d
100 _aЖулинський М.
090 _a82
_bЖ87
942 _cSA
040 _aUA-OsUOA
_bukr
_cUA-OsUOA
_dUA-OsUOA
245 _aСвітло ври Олеся Гончара. Роздуми з нагоди 100-річчя від дня народження
300 _aС.8-9
955 _a0
041 _aukr
080 _a82
773 0 _w130105
650 7 _a82 Література. Літературознавство
_2UDC
999 _c418027
_d418027